{"text_format":"3","workbook":"xlsx","n_sheets":2,"sheets":["SUMMARY","Detailed Estimate"],"not_rendered":{"images":1,"defined_names":3},"read":"whole","date_system":"1900"}

{"sheet":"SUMMARY","index":0,"n_rows":16,"n_cols":5,"rows_kept":16,"merged":[[0,4,0,5],[0,9,0,10],[0,11,0,15],[1,4,1,5],[1,6,1,10],[2,0,2,2],[2,4,2,5],[2,6,2,10],[3,0,3,2]]}
[]
[{"$nulls":4},"Project Name:"]
["www.biddingpartners.com",{"$nulls":3},"Address:"]
["+1 (347) 994-0941"]
[]
[null,"CSI DIV.","DESCRIPTION","TOTAL TRADE COST","REMARKS"]
[]
[null,"DIV.01","GENERAL CONDITIONS",{"$f":"'Detailed Estimate'!P8","v":{"v":8500,"d":"$8,500.00"}}]
[{"$f":"IF(G9<>\"\",1+MAX($A$1:A8),\"\")","v":""},"DIV.23","HEAT VENTILATION & AIR CONDITIONING",{"$f":"'Detailed Estimate'!P14","v":{"v":26143.832,"d":"$26,143.83"}}]
[{"$f":"IF(G10<>\"\",1+MAX($A$1:A9),\"\")","v":""}]
[null,null,"SUBTOTAL",{"$f":"SUM(D8:D10)","v":{"v":34643.831999999995,"d":"$34,643.83"}}]
[null,null,"OVERHEAD & PROFIT - 25%",{"$f":"0.25*D11","v":{"v":8660.957999999999,"d":"$8,660.96"}}]
[null,null,"TOTAL BID",{"$f":"SUM(D11:D12)","v":{"v":43304.78999999999,"d":"$43,304.79"}}]
[]
[{"$f":"IF(G26<>\"\",1+MAX($A$1:A14),\"\")","v":""},null,"EXCLUSIONS"]
[{"$f":"IF(G27<>\"\",1+MAX($A$1:A15),\"\")","v":""},null,"ALL ITEMS NOT MENTIONED ABOVE ARE EXCLUDED"]

{"sheet":"Detailed Estimate","index":1,"n_rows":73,"n_cols":16,"rows_kept":73,"merged":[[0,9,0,10],[0,11,0,15],[1,9,1,10],[1,11,1,15],[2,0,2,3],[2,9,2,10],[2,11,2,15],[3,0,3,3],[14,6,14,9],[15,6,15,9],[16,6,16,9],[70,0,70,3],[72,0,72,3]]}
[]
[{"$nulls":9},"Project Name:"]
["www.biddingpartners.com",{"$nulls":8},"Address:"]
[{"v":3479940941,"d":"+1 (347) 994-0941"}]
[]
["SR #","REFERENCE SHEET","DETAIL SHEET","CSI SECT","DESCRIPTION","QTY.","WASTAGE","QTY WITH\nWASTAGE","UNIT OF\nMEASURMENT","UNIT LABOR COST","TOTAL LABOR COST","UNIT MATERIAL COST","TOTAL MATERIAL COST","UNIT COST","TOTAL ITEM\nCOST","TOTAL TRADE\nCOST"]
[]
[{"$nulls":3},"DIV. 01","GENERAL REQUIREMENTS",{"$nulls":10},{"$f":"SUM(O9:O13)","v":{"v":8500,"d":"$8,500"}}]
[]
[{"$f":"IF(I10<>\"\",1+MAX($A$6:A9),\"\")","v":1},{"$nulls":3},"PERMITS & SITE SUPERVISION FEE",1,{"v":0,"d":"0%"},{"$f":"F10*(1+G10)","v":1},"LS",{"$nulls":4},{"v":3500,"d":"$3,500.0"},{"$f":"N10*H10","v":{"v":3500,"d":"$3,500"}}]
[{"$f":"IF(I11<>\"\",1+MAX($A$6:A10),\"\")","v":2},{"$nulls":3},"Allowances",1,{"v":0,"d":"0%"},{"$f":"F11*(1+G11)","v":1},"LS",{"$nulls":4},{"v":2000,"d":"$2,000.0"},{"$f":"N11*H11","v":{"v":2000,"d":"$2,000"}}]
[{"$f":"IF(I12<>\"\",1+MAX($A$6:A11),\"\")","v":3},{"$nulls":3},"Mobilization",1,{"v":0,"d":"0%"},1,"LS",{"$nulls":4},{"v":3000,"d":"$3,000.0"},{"v":3000,"d":"$3,000"}]
[{"$f":"IF(I13<>\"\",1+MAX($A$6:A12),\"\")","v":""}]
[{"$f":"IF(I14<>\"\",1+MAX($A$6:A13),\"\")","v":""},null,null,"DIV. 23","HEAT VENTILATION & AIR CONDITIONING",{"$nulls":10},{"$f":"SUM(O18:O69)","v":{"v":26143.832,"d":"$26,144"}}]
[{"$f":"IF(I15<>\"\",1+MAX($A$6:A14),\"\")","v":""}]
[{"$f":"IF(I16<>\"\",1+MAX($A$6:A15),\"\")","v":""},{"$nulls":3},"MECHANICAL DUCTS",null,"ALL DUCTS ARE STEEL GALVANIZED "]
[{"$f":"IF(I17<>\"\",1+MAX($A$6:A16),\"\")","v":""}]
[{"$f":"IF(I18<>\"\",1+MAX($A$6:A17),\"\")","v":4},"M-2.0","M-2.0",null,"6\" Dia Mechanical Duct",{"v":20.47,"d":"20"},{"v":0.1,"d":"10%"},{"$f":"F18*(1+G18)","v":{"v":22.517,"d":"23"}},"LF",{"v":4.62,"d":"$4.6"},{"$f":"J18*H18","v":{"v":104.02854,"d":"$104.03"}},{"v":6.38,"d":"$6.38"},{"$f":"L18*H18","v":{"v":143.65846,"d":"$143.66"}},{"v":11,"d":"$11.0"},{"$f":"N18*H18","v":{"v":247.68699999999998,"d":"$248"}}]
[{"$f":"IF(I19<>\"\",1+MAX($A$6:A18),\"\")","v":5},"M-2.0","M-2.0",null,"7\" Dia Mechanical Duct",{"v":1.99,"d":"2"},{"v":0.1,"d":"10%"},{"v":2.189,"d":"2"},"LF",{"v":5.46,"d":"$5.5"},{"v":11.95194,"d":"$11.95"},{"v":7.539999999999999,"d":"$7.54"},{"v":16.50506,"d":"$16.51"},{"v":13,"d":"$13.0"},{"v":28.457,"d":"$28"}]
[{"$f":"IF(I20<>\"\",1+MAX($A$6:A19),\"\")","v":6},"M-2.0","M-2.0",null,"8\" Dia Mechanical Duct",{"v":105.72,"d":"106"},{"v":0.1,"d":"10%"},{"v":116.292,"d":"116"},"LF",{"v":6.3,"d":"$6.3"},{"v":732.6396,"d":"$732.64"},{"v":8.7,"d":"$8.70"},{"v":1011.7403999999999,"d":"$1,011.74"},{"v":15,"d":"$15.0"},{"v":1744.38,"d":"$1,744"}]
[{"$f":"IF(I21<>\"\",1+MAX($A$6:A20),\"\")","v":7},"M-2.0","M-2.0",null,"9\" Dia Mechanical Duct",{"v":21.85,"d":"22"},{"v":0.1,"d":"10%"},{"v":24.035000000000004,"d":"24"},"LF",{"v":7.14,"d":"$7.1"},{"v":171.6099,"d":"$171.61"},{"v":9.86,"d":"$9.86"},{"v":236.98510000000002,"d":"$236.99"},{"v":17,"d":"$17.0"},{"v":408.5950000000001,"d":"$409"}]
[{"$f":"IF(I22<>\"\",1+MAX($A$6:A21),\"\")","v":8},"M-2.0","M-2.0",null,"10\" Dia Mechanical Duct",{"v":25.43,"d":"25"},{"v":0.1,"d":"10%"},{"v":27.973000000000003,"d":"28"},"LF",{"v":7.9799999999999995,"d":"$8.0"},{"v":223.22454000000002,"d":"$223.22"},{"v":11.02,"d":"$11.02"},{"v":308.26246000000003,"d":"$308.26"},{"v":19,"d":"$19.0"},{"v":531.4870000000001,"d":"$531"}]
[{"$f":"IF(I23<>\"\",1+MAX($A$6:A22),\"\")","v":9},"M-2.0","M-2.0",null,"12\" Dia Mechanical Duct",{"v":66.41,"d":"66"},{"v":0.1,"d":"10%"},{"v":73.051,"d":"73"},"LF",{"v":9.24,"d":"$9.2"},{"v":674.9912400000001,"d":"$674.99"},{"v":12.76,"d":"$12.76"},{"v":932.13076,"d":"$932.13"},{"v":22,"d":"$22.0"},{"v":1607.122,"d":"$1,607"}]
[{"$f":"IF(I24<>\"\",1+MAX($A$6:A23),\"\")","v":10},"M-2.0","M-2.0",null,"14\" Dia Mechanical Duct",{"v":28.3,"d":"28"},{"v":0.1,"d":"10%"},{"v":31.130000000000003,"d":"31"},"LF",{"v":10.5,"d":"$10.5"},{"v":326.865,"d":"$326.87"},{"v":14.499999999999998,"d":"$14.50"},{"v":451.385,"d":"$451.39"},{"v":25,"d":"$25.0"},{"v":778.2500000000001,"d":"$778"}]
[{"$f":"IF(I25<>\"\",1+MAX($A$6:A24),\"\")","v":11},"M-2.0","M-2.0",null,"18\" Dia Mechanical Duct",{"v":1.42,"d":"1"},{"v":0.1,"d":"10%"},{"v":1.562,"d":"2"},"LF",{"v":11.76,"d":"$11.8"},{"v":18.36912,"d":"$18.37"},{"v":16.24,"d":"$16.24"},{"v":25.36688,"d":"$25.37"},{"v":28,"d":"$28.0"},{"v":43.736000000000004,"d":"$44"}]
[{"$f":"IF(I26<>\"\",1+MAX($A$6:A25),\"\")","v":12},"M-2.0","M-2.0",null,"20\" Dia Mechanical Duct",{"v":14.44,"d":"14"},{"v":0.1,"d":"10%"},{"v":15.884,"d":"16"},"LF",{"v":13.44,"d":"$13.4"},{"v":213.48096,"d":"$213.48"},{"v":18.56,"d":"$18.56"},{"v":294.80704,"d":"$294.81"},{"v":32,"d":"$32.0"},{"v":508.288,"d":"$508"}]
[{"$f":"IF(I27<>\"\",1+MAX($A$6:A26),\"\")","v":13},"M-2.0","M-2.0,M1.1",null,"4\" Dia Duct - 3'-0\" LF",3,{"v":0.1,"d":"10%"},{"$f":"F27*(1+G27)","v":{"v":3.3000000000000003,"d":"3"}},"LF",{"v":3.78,"d":"$3.8"},{"$f":"J27*H27","v":{"v":12.474,"d":"$12.47"}},{"v":5.22,"d":"$5.22"},{"$f":"L27*H27","v":{"v":17.226,"d":"$17.23"}},{"v":9,"d":"$9.0"},{"$f":"N27*H27","v":{"v":29.700000000000003,"d":"$30"}}]
[{"$f":"IF(I28<>\"\",1+MAX($A$6:A27),\"\")","v":14},"M-2.0","M-2.0,M1.1",null,"4\" Dia Duct Up Through Roof",30,{"v":0.1,"d":"10%"},{"$f":"F28*(1+G28)","v":33},"LF",{"v":3.78,"d":"$3.8"},{"$f":"J28*H28","v":{"v":124.74,"d":"$124.74"}},{"v":5.22,"d":"$5.22"},{"$f":"L28*H28","v":{"v":172.26,"d":"$172.26"}},{"v":9,"d":"$9.0"},{"$f":"N28*H28","v":{"v":297,"d":"$297"}}]
[{"$f":"IF(I29<>\"\",1+MAX($A$6:A28),\"\")","v":15},"M-2.0","M-2.0,M1.1",null,"6\" Dia Duct Up Through Roof",40,{"v":0.1,"d":"10%"},{"$f":"F29*(1+G29)","v":44},"LF",{"v":4.62,"d":"$4.6"},{"$f":"J29*H29","v":{"v":203.28,"d":"$203.28"}},{"v":6.38,"d":"$6.38"},{"$f":"L29*H29","v":{"v":280.71999999999997,"d":"$280.72"}},{"v":11,"d":"$11.0"},{"$f":"N29*H29","v":{"v":484,"d":"$484"}}]
[{"$f":"IF(I30<>\"\",1+MAX($A$6:A29),\"\")","v":""}]
[{"$f":"IF(I31<>\"\",1+MAX($A$6:A30),\"\")","v":""},{"$nulls":3},"DUCTS BENDS / FITTINGS"]
[{"$f":"IF(I32<>\"\",1+MAX($A$6:A31),\"\")","v":16},"M-2.0","M-2.0",null,"6\" Dia 45 Degree Bend",2,{"v":0,"d":"0%"},{"$f":"F32*(1+G32)","v":2},"EA",{"v":9.75,"d":"$9.8"},{"$f":"J32*H32","v":{"v":19.5,"d":"$19.50"}},{"v":15,"d":"$15.00"},{"$f":"L32*H32","v":{"v":30,"d":"$30.00"}},{"$f":"J32+L32","v":{"v":24.75,"d":"$24.8"}},{"$f":"N32*H32","v":{"v":49.5,"d":"$50"}}]
[{"$f":"IF(I33<>\"\",1+MAX($A$6:A32),\"\")","v":17},"M-2.0","M-2.0",null,"8\" Dia 45 Degree Bend",17,{"v":0,"d":"0%"},17,"EA",{"v":13,"d":"$13.0"},{"v":221,"d":"$221.00"},{"v":20,"d":"$20.00"},{"v":340,"d":"$340.00"},{"v":33,"d":"$33.0"},{"v":561,"d":"$561"}]
[{"$f":"IF(I34<>\"\",1+MAX($A$6:A33),\"\")","v":18},"M-2.0","M-2.0",null,"9\" Dia 45 Degree Bend",2,{"v":0,"d":"0%"},2,"EA",{"v":14.3,"d":"$14.3"},{"v":28.6,"d":"$28.60"},{"v":22,"d":"$22.00"},{"v":44,"d":"$44.00"},{"v":36.3,"d":"$36.3"},{"v":72.6,"d":"$73"}]
[{"$f":"IF(I35<>\"\",1+MAX($A$6:A34),\"\")","v":19},"M-2.0","M-2.0",null,"12\" Dia 45 Degree Bend",2,{"v":0,"d":"0%"},2,"EA",{"v":19.5,"d":"$19.5"},{"v":39,"d":"$39.00"},{"v":30,"d":"$30.00"},{"v":60,"d":"$60.00"},{"v":49.5,"d":"$49.5"},{"v":99,"d":"$99"}]
[{"$f":"IF(I36<>\"\",1+MAX($A$6:A35),\"\")","v":20},"M-2.0","M-2.0",null,"10\" Dia 45 Degree Bend",1,{"v":0,"d":"0%"},1,"EA",{"v":16.25,"d":"$16.3"},{"v":16.25,"d":"$16.25"},{"v":25,"d":"$25.00"},{"v":25,"d":"$25.00"},{"v":41.25,"d":"$41.3"},{"v":41.25,"d":"$41"}]
[{"$f":"IF(I37<>\"\",1+MAX($A$6:A36),\"\")","v":21},"M-2.0","M-2.0",null,"14\" Dia 45 Degree Bend",4,{"v":0,"d":"0%"},4,"EA",{"v":22.1,"d":"$22.1"},{"v":88.4,"d":"$88.40"},{"v":34,"d":"$34.00"},{"v":136,"d":"$136.00"},{"v":56.1,"d":"$56.1"},{"v":224.4,"d":"$224"}]
[{"$f":"IF(I38<>\"\",1+MAX($A$6:A37),\"\")","v":22},"M-2.0","M-2.0",null,"9\" Dia To 8\" Transition Wye",1,{"v":0,"d":"0%"},1,"EA",{"v":16.900000000000002,"d":"$16.9"},{"v":16.900000000000002,"d":"$16.90"},{"v":26,"d":"$26.00"},{"v":26,"d":"$26.00"},{"v":42.900000000000006,"d":"$42.9"},{"v":42.900000000000006,"d":"$43"}]
[{"$f":"IF(I39<>\"\",1+MAX($A$6:A38),\"\")","v":23},"M-2.0","M-2.0",null,"10\" Dia To 7\" & 9\" Transition Wye",1,{"v":0,"d":"0%"},1,"EA",{"v":19.5,"d":"$19.5"},{"v":19.5,"d":"$19.50"},{"v":30,"d":"$30.00"},{"v":30,"d":"$30.00"},{"v":49.5,"d":"$49.5"},{"v":49.5,"d":"$50"}]
[{"$f":"IF(I40<>\"\",1+MAX($A$6:A39),\"\")","v":24},"M-2.0","M-2.0",null,"12\" Dia To 6\" Transition Wye",2,{"v":0,"d":"0%"},2,"EA",{"v":22.75,"d":"$22.8"},{"v":45.5,"d":"$45.50"},{"v":35,"d":"$35.00"},{"v":70,"d":"$70.00"},{"v":57.75,"d":"$57.8"},{"v":115.5,"d":"$116"}]
[{"$f":"IF(I41<>\"\",1+MAX($A$6:A40),\"\")","v":25},"M-2.0","M-2.0",null,"12\" Dia To 8\" & 10\" Transition Wye",1,{"v":0,"d":"0%"},1,"EA",{"v":22.75,"d":"$22.8"},{"v":22.75,"d":"$22.75"},{"v":35,"d":"$35.00"},{"v":35,"d":"$35.00"},{"v":57.75,"d":"$57.8"},{"v":57.75,"d":"$58"}]
[{"$f":"IF(I42<>\"\",1+MAX($A$6:A41),\"\")","v":26},"M-2.0","M-2.0",null,"12\" Dia To 8\" Transition Wye",1,{"v":0,"d":"0%"},1,"EA",{"v":22.75,"d":"$22.8"},{"v":22.75,"d":"$22.75"},{"v":35,"d":"$35.00"},{"v":35,"d":"$35.00"},{"v":57.75,"d":"$57.8"},{"v":57.75,"d":"$58"}]
[{"$f":"IF(I43<>\"\",1+MAX($A$6:A42),\"\")","v":27},"M-2.0","M-2.0",null,"14\" Dia To 8\" & 12\" Transition Wye",1,{"v":0,"d":"0%"},1,"EA",{"v":24.7,"d":"$24.7"},{"v":24.7,"d":"$24.70"},{"v":38,"d":"$38.00"},{"v":38,"d":"$38.00"},{"v":62.7,"d":"$62.7"},{"v":62.7,"d":"$63"}]
[{"$f":"IF(I44<>\"\",1+MAX($A$6:A43),\"\")","v":28},"M-2.0","M-2.0",null,"14\" Dia To 8\" Transition Wye",4,{"v":0,"d":"0%"},4,"EA",{"v":24.7,"d":"$24.7"},{"v":98.8,"d":"$98.80"},{"v":38,"d":"$38.00"},{"v":152,"d":"$152.00"},{"v":62.7,"d":"$62.7"},{"v":250.8,"d":"$251"}]
[{"$f":"IF(I45<>\"\",1+MAX($A$6:A44),\"\")","v":29},"M-2.0","M-2.0",null,"14\" Dia To 12\" Transition Wye",1,{"v":0,"d":"0%"},1,"EA",{"v":24.7,"d":"$24.7"},{"v":24.7,"d":"$24.70"},{"v":38,"d":"$38.00"},{"v":38,"d":"$38.00"},{"v":62.7,"d":"$62.7"},{"v":62.7,"d":"$63"}]
[{"$f":"IF(I46<>\"\",1+MAX($A$6:A45),\"\")","v":""}]
[{"$f":"IF(I47<>\"\",1+MAX($A$6:A46),\"\")","v":""},{"$nulls":3},"HVAC FIXTURES / EQUIPMENTS"]
[{"$f":"IF(I48<>\"\",1+MAX($A$6:A47),\"\")","v":30},"M-2.0","M-2.0,M1.1",null,"CS3 - (10\"x6\") Vent, CFM: 53, Manufacturer: Shoe Maker",1,{"v":0,"d":"0%"},{"$f":"F48*(1+G48)","v":1},"EA",{"v":15.12,"d":"$15.1"},{"$f":"J48*H48","v":{"v":15.12,"d":"$15.12"}},{"v":36,"d":"$36.00"},{"$f":"L48*H48","v":{"v":36,"d":"$36.00"}},{"$f":"J48+L48","v":{"v":51.12,"d":"$51.1"}},{"$f":"N48*H48","v":{"v":51.12,"d":"$51"}}]
[{"$f":"IF(I49<>\"\",1+MAX($A$6:A48),\"\")","v":31},"M-2.0","M-2.0,M1.1",null,"CS3 - (10\"x6\") Vent, CFM: 72, Manufacturer: Shoe Maker",1,{"v":0,"d":"0%"},1,"EA",{"v":19.32,"d":"$19.3"},{"$f":"J49*H49","v":{"v":19.32,"d":"$19.32"}},{"v":46,"d":"$46.00"},{"$f":"L49*H49","v":{"v":46,"d":"$46.00"}},{"$f":"J49+L49","v":{"v":65.32,"d":"$65.3"}},{"v":65.32,"d":"$65"}]
[{"$f":"IF(I50<>\"\",1+MAX($A$6:A49),\"\")","v":32},"M-2.0","M-2.0,M1.1",null,"CS3 - (10\"x8\") Vent, CFM: 72, Manufacturer: Shoe Maker",1,{"v":0,"d":"0%"},1,"EA",{"v":21.84,"d":"$21.8"},{"$f":"J50*H50","v":{"v":21.84,"d":"$21.84"}},{"v":52,"d":"$52.00"},{"$f":"L50*H50","v":{"v":52,"d":"$52.00"}},{"$f":"J50+L50","v":{"v":73.84,"d":"$73.8"}},{"v":73.84,"d":"$74"}]
[{"$f":"IF(I51<>\"\",1+MAX($A$6:A50),\"\")","v":33},"M-2.0","M-2.0,M1.1",null,"CS3 - (12\"x8\") Vent, CFM: 100, Manufacturer: Shoe Maker",1,{"v":0,"d":"0%"},1,"EA",{"v":15.959999999999999,"d":"$16.0"},{"$f":"J51*H51","v":{"v":15.959999999999999,"d":"$15.96"}},{"v":38,"d":"$38.00"},{"$f":"L51*H51","v":{"v":38,"d":"$38.00"}},{"$f":"J51+L51","v":{"v":53.96,"d":"$54.0"}},{"v":53.96,"d":"$54"}]
[{"$f":"IF(I52<>\"\",1+MAX($A$6:A51),\"\")","v":34},"M-2.0","M-2.0,M1.1",null,"CS3 - (12\"x8\") Vent, CFM: 148, Manufacturer: Shoe Maker",2,{"v":0,"d":"0%"},2,"EA",{"v":22.259999999999998,"d":"$22.3"},{"$f":"J52*H52","v":{"v":44.519999999999996,"d":"$44.52"}},{"v":53,"d":"$53.00"},{"$f":"L52*H52","v":{"v":106,"d":"$106.00"}},{"$f":"J52+L52","v":{"v":75.25999999999999,"d":"$75.3"}},{"v":150.51999999999998,"d":"$151"}]
[{"$f":"IF(I53<>\"\",1+MAX($A$6:A52),\"\")","v":35},"M-2.0","M-2.0,M1.1",null,"CS3 - (12\"x8\") Vent, CFM: 167, Manufacturer: Shoe Maker",1,{"v":0,"d":"0%"},1,"EA",{"v":26.04,"d":"$26.0"},{"$f":"J53*H53","v":{"v":26.04,"d":"$26.04"}},{"v":62,"d":"$62.00"},{"$f":"L53*H53","v":{"v":62,"d":"$62.00"}},{"v":88.03999999999999,"d":"$88.0"},{"v":88.03999999999999,"d":"$88"}]
[{"$f":"IF(I54<>\"\",1+MAX($A$6:A53),\"\")","v":36},"M-2.0","M-2.0,M1.1",null,"CS3 - (12\"x8\") Vent, CFM: 171, Manufacturer: Shoe Maker",1,{"v":0,"d":"0%"},1,"EA",{"v":27.3,"d":"$27.3"},{"v":27.3,"d":"$27.30"},{"v":65,"d":"$65.00"},{"v":65,"d":"$65.00"},{"v":92.3,"d":"$92.3"},{"v":92.3,"d":"$92"}]
[{"$f":"IF(I55<>\"\",1+MAX($A$6:A54),\"\")","v":37},"M-2.0","M-2.0,M1.1",null,"CS3 - (12\"x8\") Vent, CFM: 179, Manufacturer: Shoe Maker",1,{"v":0,"d":"0%"},1,"EA",{"v":30.24,"d":"$30.2"},{"$f":"J55*H55","v":{"v":30.24,"d":"$30.24"}},{"v":72,"d":"$72.00"},{"$f":"L55*H55","v":{"v":72,"d":"$72.00"}},{"$f":"J55+L55","v":{"v":102.24,"d":"$102.2"}},{"v":102.24,"d":"$102"}]
[{"$f":"IF(I56<>\"\",1+MAX($A$6:A55),\"\")","v":38},"M-2.0","M-2.0,M1.1",null,"CS3 - (14\"x8\") Vent, CFM: 208, Manufacturer: Shoe Maker",5,{"v":0,"d":"0%"},5,"EA",{"v":31.5,"d":"$31.5"},{"v":157.5,"d":"$157.50"},{"v":75,"d":"$75.00"},{"v":375,"d":"$375.00"},{"$f":"J56+L56","v":{"v":106.5,"d":"$106.5"}},{"v":532.5,"d":"$533"}]
[{"$f":"IF(I57<>\"\",1+MAX($A$6:A56),\"\")","v":39},"M-2.0","M-2.0,M1.1",null,"CS3 - (14\"x8\") Vent, CFM: 210, Manufacturer: Shoe Maker",2,{"v":0,"d":"0%"},2,"EA",{"v":35.699999999999996,"d":"$35.7"},{"v":71.39999999999999,"d":"$71.40"},{"v":85,"d":"$85.00"},{"v":170,"d":"$170.00"},{"v":120.69999999999999,"d":"$120.7"},{"v":241.39999999999998,"d":"$241"}]
[{"$f":"IF(I58<>\"\",1+MAX($A$6:A57),\"\")","v":40},"M-2.0","M-2.0,M1.1",null,"CS3 - (14\"x8\") Vent, CFM: 232, Manufacturer: Shoe Maker",1,{"v":0,"d":"0%"},1,"EA",{"v":41.16,"d":"$41.2"},{"$f":"J58*H58","v":{"v":41.16,"d":"$41.16"}},{"v":98,"d":"$98.00"},{"$f":"L58*H58","v":{"v":98,"d":"$98.00"}},{"$f":"J58+L58","v":{"v":139.16,"d":"$139.2"}},{"v":139.16,"d":"$139"}]
[{"$f":"IF(I59<>\"\",1+MAX($A$6:A58),\"\")","v":41},"M-2.0","M-2.0,M1.1",null,"CS3 - (14\"x8\") Vent, CFM: 296, Manufacturer: Shoe Maker",1,{"v":0,"d":"0%"},1,"EA",{"v":49.559999999999995,"d":"$49.6"},{"$f":"J59*H59","v":{"v":49.559999999999995,"d":"$49.56"}},{"v":118,"d":"$118.00"},{"$f":"L59*H59","v":{"v":118,"d":"$118.00"}},{"$f":"J59+L59","v":{"v":167.56,"d":"$167.6"}},{"v":167.56,"d":"$168"}]
[{"$f":"IF(I60<>\"\",1+MAX($A$6:A59),\"\")","v":42},"M-2.0","M-2.0,M1.1",null,"EF(B) - Exhaust Fan, CFM: 84, Manufacturer: Airing",1,{"v":0,"d":"0%"},1,"EA",{"v":61.32,"d":"$61.3"},{"v":61.32,"d":"$61.32"},{"v":146,"d":"$146.00"},{"v":146,"d":"$146.00"},{"v":207.32,"d":"$207.3"},{"v":207.32,"d":"$207"}]
[{"$f":"IF(I61<>\"\",1+MAX($A$6:A60),\"\")","v":43},"M-2.0","M-2.0,M1.1",null,"EF(L) - Exhaust Fan, CFM: 116, Manufacturer: Airing",1,{"v":0,"d":"0%"},1,"EA",{"v":69.3,"d":"$69.3"},{"v":69.3,"d":"$69.30"},{"v":165,"d":"$165.00"},{"v":165,"d":"$165.00"},{"v":234.3,"d":"$234.3"},{"v":234.3,"d":"$234"}]
[{"$f":"IF(I62<>\"\",1+MAX($A$6:A61),\"\")","v":44},"M-2.0","M-2.0,M1.1",null,"EF(MB) - Exhaust Fan, CFM: 113, Manufacturer: Airing",1,{"v":0,"d":"0%"},1,"EA",{"v":65.1,"d":"$65.1"},{"$f":"J62*H62","v":{"v":65.1,"d":"$65.10"}},{"v":155,"d":"$155.00"},{"$f":"L62*H62","v":{"v":155,"d":"$155.00"}},{"$f":"J62+L62","v":{"v":220.1,"d":"$220.1"}},{"v":220.1,"d":"$220"}]
[{"$f":"IF(I63<>\"\",1+MAX($A$6:A62),\"\")","v":45},"M-2.0","M-2.0,M1.1",null,"EF(R) - Exhaust Fan, CFM: 63, Manufacturer: Airing",2,{"v":0,"d":"0%"},2,"EA",{"v":42,"d":"$42.0"},{"v":84,"d":"$84.00"},{"v":100,"d":"$100.00"},{"v":200,"d":"$200.00"},{"v":142,"d":"$142.0"},{"v":284,"d":"$284"}]
[{"$f":"IF(I64<>\"\",1+MAX($A$6:A63),\"\")","v":46},"M-2.0","M-2.0,M1.1",null,"HP(36) - Split System Outdoor Heat Pump Condensing Unit, Heating Capacity: 35000 BTU/Hr, Operating Weight: 215 LBs, Manufacturer: Carrier",1,{"v":0,"d":"0%"},1,"EA",{"v":1533,"d":"$1,533.0"},{"v":1533,"d":"$1,533.00"},{"v":3650,"d":"$3,650.00"},{"v":3650,"d":"$3,650.00"},{"v":5183,"d":"$5,183.0"},{"v":5183,"d":"$5,183"}]
[{"$f":"IF(I65<>\"\",1+MAX($A$6:A64),\"\")","v":47},"M-2.0","M-2.0,M1.1",null,"HP(48) - Split System Outdoor Heat Pump Condensing Unit, Heating Capacity: 46500 BTU/Hr, Operating Weight: 238 LBs, Manufacturer: Carrier",1,{"v":0,"d":"0%"},1,"EA",{"v":1623.3,"d":"$1,623.3"},{"v":1623.3,"d":"$1,623.30"},{"v":3865,"d":"$3,865.00"},{"v":3865,"d":"$3,865.00"},{"v":5488.3,"d":"$5,488.3"},{"v":5488.3,"d":"$5,488"}]
[{"$f":"IF(I66<>\"\",1+MAX($A$6:A65),\"\")","v":48},"M-2.0","M-2.0,M1.1",null,"RAG - (18\"x30\" ) Return Air Grill",2,{"v":0,"d":"0%"},2,"EA",{"v":65.1,"d":"$65.1"},{"$f":"J66*H66","v":{"v":130.2,"d":"$130.20"}},{"v":155,"d":"$155.00"},{"$f":"L66*H66","v":{"v":310,"d":"$310.00"}},{"$f":"J66+L66","v":{"v":220.1,"d":"$220.1"}},{"v":440.2,"d":"$440"}]
[{"$f":"IF(I67<>\"\",1+MAX($A$6:A66),\"\")","v":49},"M-2.0","M-2.0,M1.1",null,"Thermostat",2,{"v":0,"d":"0%"},2,"EA",{"v":39.2,"d":"$39.2"},{"v":78.4,"d":"$78.40"},{"v":100.8,"d":"$100.80"},{"v":201.6,"d":"$201.60"},{"v":140,"d":"$140.0"},{"v":280,"d":"$280"}]
[{"$f":"IF(I68<>\"\",1+MAX($A$6:A67),\"\")","v":50},"M-2.0","M-2.0,M1.1",null,"FC(48) - Split System Indoor Ceiling Fan Coil Unit, CFM: 1600, Manufacturer: Carrier",1,{"v":0,"d":"0%"},1,"EA",{"v":579.6,"d":"$579.6"},{"v":579.6,"d":"$579.60"},{"v":1380,"d":"$1,380.00"},{"v":1380,"d":"$1,380.00"},{"$f":"J68+L68","v":{"v":1959.6,"d":"$1,959.6"}},{"v":1959.6,"d":"$1,960"}]
[{"$f":"IF(I69<>\"\",1+MAX($A$6:A68),\"\")","v":51},"M-2.0","M-2.0,M1.1",null,"FC(36) - Split System Indoor Ceiling Fan Coil Unit, CFM: 1200, Manufacturer: Carrier",1,{"v":0,"d":"0%"},1,"EA",{"v":483,"d":"$483.0"},{"v":483,"d":"$483.00"},{"v":1150,"d":"$1,150.00"},{"v":1150,"d":"$1,150.00"},{"$f":"J69+L69","v":{"v":1633,"d":"$1,633.0"}},{"v":1633,"d":"$1,633"}]
[{"$f":"IF(I70<>\"\",1+MAX($A$1:A69),\"\")","v":""}]
["SUB TOTAL",{"$nulls":13},{"$f":"SUM(O8:O70)","v":{"v":34643.832,"d":"$34,644"}},{"$f":"SUM(P7:P70)","v":{"v":34643.831999999995,"d":"$34,644"}}]
["OVERHEAD & PROFIT (25%)",{"$nulls":12},{"v":0.25,"d":"25%"},{"$f":"N72*O71","v":{"v":8660.958,"d":"$8,661"}},{"$f":"N72*P71","v":{"v":8660.957999999999,"d":"$8,661"}}]
["TOTAL BID",{"$nulls":13},{"$f":"SUM(O71:O72)","v":{"v":43304.79,"d":"$43,305"}},{"$f":"SUM(P71:P72)","v":{"v":43304.78999999999,"d":"$43,305"}}]